| 000 | 00451pab a2200157 454500 | ||
|---|---|---|---|
| 008 | 180718b1988 xxu||||| |||| 00| 0 eng d | ||
| 100 | _aWilke, Arthur S. | ||
| 245 |
_aPolitical economic considerations in Asian Science and technology development _bSome preliminary concerns |
||
| 260 | _c1988 | ||
| 300 | _a23-41 | ||
| 362 | _aSummer | ||
| 650 | _aScience | ||
| 700 | _aRaj. P. Mohan | ||
| 773 | _aJournal of National Development | ||
| 909 | _a18666 | ||
| 999 |
_c18666 _d18666 |
||